Oiseaux de France - Statistiques

Statistiques générales
  • Ce quiz a été pris 182 fois
  • Le résultat moyen est 10 sur 20
Statistiques - réponses
Par images Réponse % Correct
Pic vert
88%
Héron cendré
79%
Buse variable
76%
Macareux moine
71%
Etourneau sansonnet
70%
Mésange charbonnière
66%
Corneille noire
64%
Faucon crécerelle
59%
Pinson des arbres
52%
Bergeronnette grise
51%
Grive musicienne
50%
Hirondelle rustique
48%
Sittelle torchepot
42%
Canard souchet
39%
Moineau friquet
36%
Perdrix grise
36%
Alouette des champs
27%
Pigeon colombin
27%
Mouette mélanocéphale
26%
Tarier pâtre
25%
Aucun quiz correspondant
Distribution des résultats
% des personnes avec chaque résultat
Percentile par nombre de réponses
Votre historique - résultats
Vous n’avez pas pris ce quiz